书目信息 |
| 题名: |
Pro/ENGINEER Wildfire 2.0中文版标准教程
|
|
| 作者: | 杨志姝 , 吴华 编著 | |
| 分册: | ||
| 出版信息: | 北京 清华大学出版社 2005 |
|
| 页数: | 302页 | |
| 开本: | 26cm | |
| 丛书名: | 清华电脑学堂 | |
| 单 册: | ||
| 中图分类: | TH122 | |
| 科图分类: | ||
| 主题词: | 机械设计--ji xie she ji--计算机辅助设计--应用软件--教材 | |
| 电子资源: | ||
| ISBN: | 7-302-11175-8 | |
| 000 | 01059nam0 2200289 45 | |
| 001 | 012003983973 | |
| 005 | 20061107091431.00 | |
| 009 | 012003983973 | |
| 010 | @a7-302-11175-8@dCNY33.00(含光盘) | |
| 010 | @a7-89494-746-6@b光盘 | |
| 100 | @a20050929d2005 em y0chiy0121 ea | |
| 101 | 0 | @achi |
| 102 | @aCN@b110000 | |
| 105 | @ay z 000yy | |
| 200 | 1 | @aPro/ENGINEER Wildfire 2.0中文版标准教程@APro/ENGINEER Wildfire 2.0 zhong wen ban biao zhun jiao cheng@f杨志姝, 吴华等编著 |
| 210 | @a北京@c清华大学出版社@d2005 | |
| 215 | @a302页@d26cm@e光盘1片 | |
| 225 | 2 | @a清华电脑学堂@Aqing hua dian nao xue tang |
| 330 | @a本书共分9章,主要内容包括Pro/ENGINEER Wildfire 2.0的基本知识,在草绘环境中绘制草图的方法,创建基础特征,更改3D特征的方法,基准特征等。 | |
| 461 | 0 | @12001 @a清华电脑学堂 |
| 606 | 0 | @a机械设计@Aji xie she ji@x计算机辅助设计@x应用软件@j教材 |
| 610 | 0 | @aPro/ENGINEER Wildfire |
| 690 | @aTH122@v4 | |
| 701 | 0 | @a杨志姝@Ayang zhi shu@4编著 |
| 701 | 0 | @a吴华@Awu hua@4编著 |
| 801 | 0 | @aCN@c20061107 |
| 905 | @a10447@dTH122@eY330 | |
| Pro/ENGINEER Wildfire 2.0中文版标准教程/杨志姝, 吴华等编著.-北京:清华大学出版社,2005 |
| 302页;26cm+光盘1片.-(清华电脑学堂) |
| ISBN 7-302-11175-8:CNY33.00(含光盘) |
| 本书共分9章,主要内容包括Pro/ENGINEER Wildfire 2.0的基本知识,在草绘环境中绘制草图的方法,创建基础特征,更改3D特征的方法,基准特征等。 |
| ● |
| 相关链接 |
|
|
|
正题名:Pro/ENGINEER Wildfire 2.0中文版标准教程
索取号:TH122/Y330
 
预约/预借
| 序号 | 登录号 | 条形码 | 馆藏地/架位号 | 状态 | 备注 |
| 1 | 635641 | 206356414 | 自科二线400A/400A自科库 30排3列2层/ [索取号:TH122/Y330] | 在馆 | |
| 2 | 635642 | 206356423 | 自科库501/501自科库 34排2列1层/ [索取号:TH122/Y330] | 在馆 | |
| 3 | 635643 | 206356432 | 期刊室512/501自科库 34排2列1层/ [索取号:TH122/Y330] | 在馆 |